000 00691 a2200229 4500
005 20260107121830.0
008 260107b |||||||| |||| 00| 0 eng d
020 _a9771600206 (pbk)
037 _cTB
040 _aCRL
_cCRL
041 _2ARB
_aARB
084 _aO28,6:g N1
_bCRL
100 _a Wehba, Majdi
_9821281
245 _aAl-adab al-muqarin
260 _aCairo, Egypt:
_bMaktaba-e-Lebanon,
_c1991.
300 _a110p.
365 _b250.00
_cINR
650 _aArabic Literature
_9862541
650 _aArabic Prose
_9862542
942 _cTB
_2CC
_n0
_hO28,6:g N1
999 _c1435392
_d1435392